000 00658 a2200181 4500
999 _c3496
_d3496
020 _a9780719586187
050 _aQ183.4 TEA2002
100 _aSang, David
_eeditor
245 _aTeaching secondary scientific enquiry /
_cedited by David Sang and Valerie Wood-Robinson.
264 _aLondon:
_bJohn Murray.,
_c2002
300 _ax, 182 pages : illustrations ; 25 cm.
440 _aASE/John Murray science practice.
500 _alncludes index
650 _aScience -- Methodology
_xStudy and teaching (Secondary)
650 _aScience -- Experiments
_xStudy and teaching (Secondary)
700 _aValerie Wood- Robinson
942 _2lcc
_cBK
_h183.4
_iSAN
_kQ